Generator Puzzle #52 - Statistics

General Stats
  • This quiz has been taken 161 times
  • The average score is 14 of 21
Answer Stats
hint word % Correct
what pop vocalists do sing
95%
sound a horse makes neigh
94%
no longer here gone
93%
hit by a bullet shot
91%
numerical homonym of ate eight
89%
what doors swing off hinge
89%
damp moist
89%
type of footwear shoe
88%
dense air pollution smog
80%
14 pounds stone
75%
robbery heist
74%
what ears hear noise
74%
a 1984 film busted this ghost
62%
tiger/lion cross tigon
59%
the indefinite continued progress of existence and events in the past, present, and future time
51%
metal worker smith
47%
consecrated communion bread host
35%
Ramadan, for example month
29%
Alaskan town where the annual Iditarod Trail Sled Dog race from Anchorage ends Nome
29%
9-letter word SOMETHING
29%
fermented soybean paste miso
25%
No matching quizzes found
Score Distribution
Percent of People with Each Score
Percentile by Number Answered
Your Score History
You have not taken this quiz